00635 2200253 4500001002100000005001500021035002500036008004100061041000800102082000800110090000800118100002500126245004900151250001600200260003500216300005600251650001000307020002000317084001400337520000600351856000600357990000900363990000900372INLIS00000000000213320260119014227 a0010-051300000002133260119 e 0 ind  aind a813 aFik aWilliam, Shakespeare1 aPangeran Hamlet :b- /cWilliam, Shakespeare aCetakan : 1 aJakarta :bSanggabuwana,c1976 a43 hlm. : ilus. ;21 cm. :bIlustrasi ;c14x21 cme- 4aFiksi atidak diketahui a813 WIL p a- a- a2154 a2154